00544nam a22001692 4500001001100000005001700011008004100028020001700069040001500086100003700101245011500138250001300253260003400266300001600300650005500316852000300371000001909720151217152145.0100908s xx 000 0 eng d a0687464803 : aKABUcKABU1 aMarshall, Ellen Ott.@000017872810aThough the fig tree does not blossom :btoward a responsible theology of christian hope /cEllen Ott Marshall. a1st ed. aNashville :bAbingdon,c2006. axx, 137 p. 0aHopexReligious aspectsxChristianity.@00001787291